Principles and practice of radiation therapy / (Record no. 14025)
[ view plain ]
| 000 -LEADER | |
|---|---|
| fixed length control field | 01409cam a22003974a 4500 |
| 001 - CONTROL NUMBER | |
| control field | 15532512 |
| 003 - CONTROL NUMBER IDENTIFIER | |
| control field | OSt |
| 005 - DATE AND TIME OF LATEST TRANSACTION | |
| control field | 20140310182521.0 |
| 008 - FIXED-LENGTH DATA ELEMENTS--GENERAL INFORMATION | |
| fixed length control field | 081120s2010 mouaf b 001 0 eng |
| 010 ## - LIBRARY OF CONGRESS CONTROL NUMBER | |
| LC control number | 2008050845 |
| 016 7# - NATIONAL BIBLIOGRAPHIC AGENCY CONTROL NUMBER | |
| Record control number | 101489691 |
| Source | DNLM |
| 020 ## - INTERNATIONAL STANDARD BOOK NUMBER | |
| International Standard Book Number | 9780323053624 (hardcover : alk. paper) |
| 020 ## - INTERNATIONAL STANDARD BOOK NUMBER | |
| International Standard Book Number | 0323053629 (hardcover : alk. paper) |
| 035 ## - SYSTEM CONTROL NUMBER | |
| System control number | (OCoLC)276668833 |
| Canceled/invalid control number | (OCoLC)244417028 |
| 035 ## - SYSTEM CONTROL NUMBER | |
| System control number | (OCoLC)ocn276668833 |
| 040 ## - CATALOGING SOURCE | |
| Original cataloging agency | DNLM/DLC |
| Transcribing agency | DLC |
| Modifying agency | BTCTA |
| -- | BAKER |
| -- | NLM |
| -- | C#P |
| -- | YDXCP |
| -- | DLC |
| 042 ## - AUTHENTICATION CODE | |
| Authentication code | pcc |
| 050 00 - LIBRARY OF CONGRESS CALL NUMBER | |
| Classification number | RC 271.R3 |
| Item number | .P734 2010 |
| 060 10 - NATIONAL LIBRARY OF MEDICINE CALL NUMBER | |
| Classification number | QZ 269 |
| Item number | P9575 2010 |
| 082 00 - DEWEY DECIMAL CLASSIFICATION NUMBER | |
| Classification number | 615.8/42 |
| 245 00 - TITLE STATEMENT | |
| Title | Principles and practice of radiation therapy / |
| Statement of responsibility, etc | [edited by] Charles M. Washington, Dennis Leaver. |
| 246 30 - VARYING FORM OF TITLE | |
| Title proper/short title | Radiation therapy |
| 250 ## - EDITION STATEMENT | |
| Edition statement | 3rd ed. |
| 260 ## - PUBLICATION, DISTRIBUTION, ETC. (IMPRINT) | |
| Place of publication, distribution, etc | St. Louis, Mo. : |
| Name of publisher, distributor, etc | Mosby Elsevier, |
| Date of publication, distribution, etc | c2010. |
| 300 ## - PHYSICAL DESCRIPTION | |
| Extent | 984 p. : |
| Other physical details | ill. col ; |
| Dimensions | 29 cm. |
| 504 ## - BIBLIOGRAPHY, ETC. NOTE | |
| Bibliography, etc | Includes bibliographical references and index. |
| 650 #0 - SUBJECT ADDED ENTRY--TOPICAL TERM | |
| Topical term or geographic name as entry element | Cancer |
| General subdivision | Radiotherapy. |
| 9 (RLIN) | 9352 |
| 650 12 - SUBJECT ADDED ENTRY--TOPICAL TERM | |
| Topical term or geographic name as entry element | Neoplasms |
| General subdivision | radiotherapy. |
| 9 (RLIN) | 9353 |
| 650 12 - SUBJECT ADDED ENTRY--TOPICAL TERM | |
| Topical term or geographic name as entry element | Radiation Oncology |
| General subdivision | methods. |
| 9 (RLIN) | 9354 |
| 700 1# - ADDED ENTRY--PERSONAL NAME | |
| Personal name | Washington, Charles M. |
| 9 (RLIN) | 9355 |
| 700 1# - ADDED ENTRY--PERSONAL NAME | |
| Personal name | Leaver, Dennis T. |
| 9 (RLIN) | 9356 |
| 906 ## - LOCAL DATA ELEMENT F, LDF (RLIN) | |
| a | 7 |
| b | cbc |
| c | orignew |
| d | 1 |
| e | ecip |
| f | 20 |
| g | y-gencatlg |
| 942 ## - ADDED ENTRY ELEMENTS (KOHA) | |
| Source of classification or shelving scheme | Library of Congress Classification |
| Koha item type | |
| Withdrawn status | Lost status | Source of classification or shelving scheme | Damaged status | Home library | Current library | Shelving location | Date acquired | Total Checkouts | Full call number | Barcode | Date last seen | Date checked out | Copy number | Price effective from | Koha item type |
|---|---|---|---|---|---|---|---|---|---|---|---|---|---|---|---|
| Library of Congress Classification | South SEED-LPDH College Library | College Library | South SEED-LPDH College Section | 08/10/2013 | 1 | RC 271.R3 .P734 2010 | SSLC0148 | 05/15/2018 | 10/24/2014 | 1 | 08/10/2013 | Books |